| 000 | 00992cab a2200313 4500 | ||
|---|---|---|---|
| 001 | ABS52252 | ||
| 008 | 090401t1995 xxu||||| |||| 00| 0 eng d | ||
| 035 | _a(Sirsi) u68350 | ||
| 041 | _aeng | ||
| 100 | _aHunt, J. | ||
| 245 | 2 | _aA market to tap into | |
| 260 | _c1995 | ||
| 350 | _a0 | ||
| 490 |
_aProperty Week _v50(5) 2 February 1995, 22-23(2) |
||
| 520 | _aReports on investment opportunities in the public house market, looking at the effect of breaks in the tied-house system, announcements on Sunday licensing laws and recent activity in the acquisitions market. | ||
| 650 | _aBREWERIES | ||
| 650 | _aCOURAGE | ||
| 650 | _aIEL | ||
| 650 | _aINNTREPRENEUR ESTATES | ||
| 650 | _aINVESTMENT MARKET | ||
| 650 | _aPUB LEASES | ||
| 650 | _aPUBLIC HOUSE MARKET | ||
| 650 | _aPUBLIC HOUSES | ||
| 650 | _aPUBMASTER | ||
| 650 | _aRENT REVIEWS | ||
| 690 | _aPROPERTY-COMMERCIAL PROPERTY-COMMERCIAL PROPERTY FINANCE AND INVESTMENT | ||
| 942 | _n0 | ||
| 948 | _c04/03/1997 | ||
| 999 |
_c42888 _d42888 |
||